000
00267nam a2200121Ia 4500
008
190216s9999||||xx |||||||||||||| ||und||
100
_a
Gupta Alkal
245
0
_a
Photochemistry
260
_b
Pragathi Prakashan
300
_a
183
650
_a
Chemistry
942
_c
BK
999
_c
3258
_d
3258